<?xml version="1.0" encoding="UTF-8"?>
<record
    xmlns:xsi="http://www.w3.org/2001/XMLSchema-instance"
    xsi:schemaLocation="http://www.loc.gov/MARC21/slim http://www.loc.gov/standards/marcxml/schema/MARC21slim.xsd"
    xmlns="http://www.loc.gov/MARC21/slim">

  <leader>00337nam a2200133Ia 4500</leader>
  <controlfield tag="008">170620s9999    xx            000 0 und d</controlfield>
  <datafield tag="020" ind1=" " ind2=" ">
    <subfield code="a">8125600914</subfield>
  </datafield>
  <datafield tag="100" ind1=" " ind2=" ">
    <subfield code="a">CHATWAL G R</subfield>
  </datafield>
  <datafield tag="245" ind1=" " ind2="0">
    <subfield code="a">PHARMACEUTICAL CHEMISTRY INORGANIC VOL ONE</subfield>
  </datafield>
  <datafield tag="260" ind1=" " ind2=" ">
    <subfield code="b">HIMAYAN PUB</subfield>
  </datafield>
  <datafield tag="260" ind1=" " ind2=" ">
    <subfield code="c">2006</subfield>
  </datafield>
  <datafield tag="300" ind1=" " ind2=" ">
    <subfield code="a">437</subfield>
  </datafield>
  <datafield tag="546" ind1=" " ind2=" ">
    <subfield code="a">English</subfield>
  </datafield>
  <datafield tag="690" ind1=" " ind2=" ">
    <subfield code="a">PHARMACEUTICAL CHEMISTRY INORGANIC</subfield>
  </datafield>
  <datafield tag="999" ind1=" " ind2=" ">
    <subfield code="c">31061</subfield>
    <subfield code="d">31061</subfield>
  </datafield>
  <datafield tag="952" ind1=" " ind2=" ">
    <subfield code="0">0</subfield>
    <subfield code="1">0</subfield>
    <subfield code="2">ddc</subfield>
    <subfield code="4">0</subfield>
    <subfield code="7">0</subfield>
    <subfield code="a">12</subfield>
    <subfield code="b">12</subfield>
    <subfield code="d">2014-01-12</subfield>
    <subfield code="e">2</subfield>
    <subfield code="l">0</subfield>
    <subfield code="p">12-B-2222</subfield>
    <subfield code="r">2017-06-26</subfield>
    <subfield code="w">2017-06-26</subfield>
    <subfield code="y">02</subfield>
  </datafield>
  <datafield tag="952" ind1=" " ind2=" ">
    <subfield code="0">0</subfield>
    <subfield code="1">0</subfield>
    <subfield code="2">ddc</subfield>
    <subfield code="4">0</subfield>
    <subfield code="7">0</subfield>
    <subfield code="a">12</subfield>
    <subfield code="b">12</subfield>
    <subfield code="d">2014-01-12</subfield>
    <subfield code="e">2</subfield>
    <subfield code="l">2</subfield>
    <subfield code="p">12-B-2223</subfield>
    <subfield code="q">2020-01-15</subfield>
    <subfield code="r">2020-01-09</subfield>
    <subfield code="s">2020-01-09</subfield>
    <subfield code="w">2017-06-26</subfield>
    <subfield code="y">02</subfield>
  </datafield>
  <datafield tag="952" ind1=" " ind2=" ">
    <subfield code="0">0</subfield>
    <subfield code="1">0</subfield>
    <subfield code="2">ddc</subfield>
    <subfield code="4">0</subfield>
    <subfield code="7">0</subfield>
    <subfield code="a">12</subfield>
    <subfield code="b">12</subfield>
    <subfield code="d">2014-01-12</subfield>
    <subfield code="e">2</subfield>
    <subfield code="l">2</subfield>
    <subfield code="p">12-B-2224</subfield>
    <subfield code="r">2022-04-20</subfield>
    <subfield code="s">2021-12-21</subfield>
    <subfield code="w">2017-06-26</subfield>
    <subfield code="y">02</subfield>
  </datafield>
  <datafield tag="952" ind1=" " ind2=" ">
    <subfield code="0">0</subfield>
    <subfield code="1">0</subfield>
    <subfield code="2">ddc</subfield>
    <subfield code="4">0</subfield>
    <subfield code="7">0</subfield>
    <subfield code="a">12</subfield>
    <subfield code="b">12</subfield>
    <subfield code="d">2014-01-12</subfield>
    <subfield code="e">2</subfield>
    <subfield code="l">4</subfield>
    <subfield code="p">12-B-2225</subfield>
    <subfield code="r">2026-04-09</subfield>
    <subfield code="s">2025-09-04</subfield>
    <subfield code="w">2017-06-26</subfield>
    <subfield code="y">02</subfield>
  </datafield>
  <datafield tag="952" ind1=" " ind2=" ">
    <subfield code="0">0</subfield>
    <subfield code="1">0</subfield>
    <subfield code="2">ddc</subfield>
    <subfield code="4">0</subfield>
    <subfield code="7">0</subfield>
    <subfield code="a">12</subfield>
    <subfield code="b">12</subfield>
    <subfield code="d">2014-01-12</subfield>
    <subfield code="e">2</subfield>
    <subfield code="l">3</subfield>
    <subfield code="p">12-B-2226</subfield>
    <subfield code="r">2022-04-22</subfield>
    <subfield code="s">2021-10-28</subfield>
    <subfield code="w">2017-06-26</subfield>
    <subfield code="y">02</subfield>
  </datafield>
  <datafield tag="952" ind1=" " ind2=" ">
    <subfield code="0">0</subfield>
    <subfield code="1">0</subfield>
    <subfield code="2">ddc</subfield>
    <subfield code="4">0</subfield>
    <subfield code="7">0</subfield>
    <subfield code="a">12</subfield>
    <subfield code="b">12</subfield>
    <subfield code="d">2014-01-12</subfield>
    <subfield code="e">2</subfield>
    <subfield code="l">1</subfield>
    <subfield code="p">12-B-2227</subfield>
    <subfield code="r">2022-04-11</subfield>
    <subfield code="s">2021-12-22</subfield>
    <subfield code="w">2017-06-26</subfield>
    <subfield code="y">02</subfield>
  </datafield>
  <datafield tag="952" ind1=" " ind2=" ">
    <subfield code="0">0</subfield>
    <subfield code="1">0</subfield>
    <subfield code="2">ddc</subfield>
    <subfield code="4">0</subfield>
    <subfield code="7">0</subfield>
    <subfield code="a">12</subfield>
    <subfield code="b">12</subfield>
    <subfield code="d">2014-01-12</subfield>
    <subfield code="e">2</subfield>
    <subfield code="l">2</subfield>
    <subfield code="p">12-B-2228</subfield>
    <subfield code="r">2023-10-27</subfield>
    <subfield code="s">2023-10-19</subfield>
    <subfield code="w">2017-06-26</subfield>
    <subfield code="y">02</subfield>
  </datafield>
  <datafield tag="952" ind1=" " ind2=" ">
    <subfield code="0">0</subfield>
    <subfield code="1">0</subfield>
    <subfield code="2">ddc</subfield>
    <subfield code="4">0</subfield>
    <subfield code="7">0</subfield>
    <subfield code="a">12</subfield>
    <subfield code="b">12</subfield>
    <subfield code="d">2014-01-12</subfield>
    <subfield code="e">2</subfield>
    <subfield code="l">2</subfield>
    <subfield code="p">12-B-2229</subfield>
    <subfield code="r">2024-03-19</subfield>
    <subfield code="s">2023-10-19</subfield>
    <subfield code="w">2017-06-26</subfield>
    <subfield code="y">02</subfield>
  </datafield>
  <datafield tag="952" ind1=" " ind2=" ">
    <subfield code="0">0</subfield>
    <subfield code="1">0</subfield>
    <subfield code="2">ddc</subfield>
    <subfield code="4">0</subfield>
    <subfield code="7">0</subfield>
    <subfield code="a">12</subfield>
    <subfield code="b">12</subfield>
    <subfield code="d">2014-01-12</subfield>
    <subfield code="e">2</subfield>
    <subfield code="l">4</subfield>
    <subfield code="p">12-B-2230</subfield>
    <subfield code="r">2026-02-17</subfield>
    <subfield code="s">2025-09-04</subfield>
    <subfield code="w">2017-06-26</subfield>
    <subfield code="y">02</subfield>
  </datafield>
  <datafield tag="952" ind1=" " ind2=" ">
    <subfield code="0">0</subfield>
    <subfield code="1">0</subfield>
    <subfield code="2">ddc</subfield>
    <subfield code="4">0</subfield>
    <subfield code="7">0</subfield>
    <subfield code="a">12</subfield>
    <subfield code="b">12</subfield>
    <subfield code="d">2014-01-12</subfield>
    <subfield code="e">2</subfield>
    <subfield code="l">0</subfield>
    <subfield code="p">12-B-2231</subfield>
    <subfield code="r">2017-06-26</subfield>
    <subfield code="w">2017-06-26</subfield>
    <subfield code="y">02</subfield>
  </datafield>
  <datafield tag="952" ind1=" " ind2=" ">
    <subfield code="0">0</subfield>
    <subfield code="1">0</subfield>
    <subfield code="2">ddc</subfield>
    <subfield code="4">0</subfield>
    <subfield code="7">0</subfield>
    <subfield code="a">12</subfield>
    <subfield code="b">12</subfield>
    <subfield code="d">2014-01-12</subfield>
    <subfield code="e">2</subfield>
    <subfield code="l">4</subfield>
    <subfield code="p">12-B-2232</subfield>
    <subfield code="r">2026-03-10</subfield>
    <subfield code="s">2025-09-02</subfield>
    <subfield code="w">2017-06-26</subfield>
    <subfield code="y">02</subfield>
  </datafield>
  <datafield tag="952" ind1=" " ind2=" ">
    <subfield code="0">0</subfield>
    <subfield code="1">0</subfield>
    <subfield code="2">ddc</subfield>
    <subfield code="4">0</subfield>
    <subfield code="7">0</subfield>
    <subfield code="a">12</subfield>
    <subfield code="b">12</subfield>
    <subfield code="d">2014-01-12</subfield>
    <subfield code="e">2</subfield>
    <subfield code="l">2</subfield>
    <subfield code="p">12-B-2233</subfield>
    <subfield code="q">2024-01-30</subfield>
    <subfield code="r">2023-10-04</subfield>
    <subfield code="s">2023-10-04</subfield>
    <subfield code="w">2017-06-26</subfield>
    <subfield code="y">02</subfield>
  </datafield>
  <datafield tag="952" ind1=" " ind2=" ">
    <subfield code="0">0</subfield>
    <subfield code="1">0</subfield>
    <subfield code="2">ddc</subfield>
    <subfield code="4">0</subfield>
    <subfield code="7">0</subfield>
    <subfield code="a">12</subfield>
    <subfield code="b">12</subfield>
    <subfield code="d">2014-01-12</subfield>
    <subfield code="e">2</subfield>
    <subfield code="l">2</subfield>
    <subfield code="p">12-B-2234</subfield>
    <subfield code="r">2023-10-25</subfield>
    <subfield code="s">2023-10-19</subfield>
    <subfield code="w">2017-06-26</subfield>
    <subfield code="y">02</subfield>
  </datafield>
  <datafield tag="952" ind1=" " ind2=" ">
    <subfield code="0">0</subfield>
    <subfield code="1">0</subfield>
    <subfield code="2">ddc</subfield>
    <subfield code="4">0</subfield>
    <subfield code="7">0</subfield>
    <subfield code="a">12</subfield>
    <subfield code="b">12</subfield>
    <subfield code="d">2014-01-12</subfield>
    <subfield code="e">2</subfield>
    <subfield code="l">3</subfield>
    <subfield code="p">12-B-2235</subfield>
    <subfield code="r">2026-02-09</subfield>
    <subfield code="s">2025-09-02</subfield>
    <subfield code="w">2017-06-26</subfield>
    <subfield code="y">02</subfield>
  </datafield>
  <datafield tag="952" ind1=" " ind2=" ">
    <subfield code="0">0</subfield>
    <subfield code="1">0</subfield>
    <subfield code="2">ddc</subfield>
    <subfield code="4">0</subfield>
    <subfield code="7">0</subfield>
    <subfield code="a">12</subfield>
    <subfield code="b">12</subfield>
    <subfield code="d">2014-01-12</subfield>
    <subfield code="e">2</subfield>
    <subfield code="l">5</subfield>
    <subfield code="p">12-B-2236</subfield>
    <subfield code="r">2026-02-17</subfield>
    <subfield code="s">2025-09-02</subfield>
    <subfield code="w">2017-06-26</subfield>
    <subfield code="y">02</subfield>
  </datafield>
</record>
